[Event "Condino op"]
[Site "Condino"]
[Date "2009.07.27"]
[Round "1"]
[White "Righi, Ezio"]
[Black "Salvo, Guglielmo"]
[Result "0-1"]
[WhiteElo "2111"]
[BlackElo "1762"]
[PlyCount "90"]
[EventDate "2009.07.27"]
[EventType "swiss"]
[EventRounds "7"]
[EventCountry "ITA"]
[SourceTitle "CBM 131 Extra"]
[Source "ChessBase"]
[SourceDate "2009.09.03"]
[SourceVersion "2"]
[SourceVersionDate "2009.09.16"]
[SourceQuality "1"]

1. e4 e5 2. Nf3 Nc6 3. Bb5 Bc5 4. d3 h6 5. c3 Nge7 6. b4 Bb6 7. Nbd2 0-0 8. a4 a6 9. Bxc6 Nxc6 10. Nc4 d6 11. Nxb6 cxb6 12. Be3 f5 13. 0-0 f4 14. Bc1 Bg4 15. Qb3+ Kh7 16. Nd2 f3 17. g3 Qd7 18. Re1 Bh5 19. Kh1 Bg4 20. Bb2 Bh3 21. Nc4 Bg2+ 22. Kg1 Qh3 23. Ne3 h5 24. Qd5 Rf6 25. b5 Na5 26. d4 h4 27. g4 Rg6 28. Qf7 Rf6 29. Qh5+ Kg8 30. dxe5 dxe5 31. Qxe5 Raf8 32. c4 R6f7 33. Qg5 Nb3 34. Nf5 Bf1 35. Ne3 Bd3 36. Rad1 Nc5 37. Qe5 Bxe4 38. Rd6 Bh7 39. Rh6 Nd3 40. Qh5 Nf4 41. Qg5 Qg2+ 42. Nxg2 Nh3+ 43. Kf1 fxg2+ 44. Kxg2 Nxg5 45. Rxb6 Rxf2+ 0-1